LEADER 00812nam0-22002771i-450- 001 990002546790403321 035 $a000254679 035 $aFED01000254679 035 $a(Aleph)000254679FED01 035 $a000254679 100 $a20000920d1988----km-y0itay50------ba 101 0 $aENG 200 1 $aContemporary Mathematics$ethe Finite Calculus Associated with bassel Functions$fFrank M. Cholewinski. 210 $aProvidence$cAmerican of Mathematical Statistics$d1988. 215 $a122 p.$d26 cm 610 0 $aFunzioni speciali 676 $a519 700 1$aCholewinski,$bFrank M.$055547 801 0$aIT$bUNINA$gRICA$2UNIMARC 901 $aBK 912 $a990002546790403321 952 $aMIX-B-3$b994$fMAS 959 $aMAS 996 $aContemporary Mathematics$9437580 997 $aUNINA DB $aING01 LEADER 02543nam 2200697 a 450 001 9910451752403321 005 20200520144314.0 010 $a1-281-72860-8 010 $a9786611728601 010 $a2-7598-0199-3 010 $a1-4356-4557-X 024 7 $a10.1051/978-2-7598-0199-2 035 $a(CKB)1000000000470664 035 $a(EBL)344616 035 $a(OCoLC)476160480 035 $a(SSID)ssj0000828869 035 $a(PQKBManifestationID)11448119 035 $a(PQKBTitleCode)TC0000828869 035 $a(PQKBWorkID)10843937 035 $a(PQKB)11121841 035 $a(MiAaPQ)EBC344616 035 $a(PPN)17022533X 035 $a(Au-PeEL)EBL344616 035 $a(CaPaEBR)ebr10526009 035 $a(CaONFJC)MIL172860 035 $a(OCoLC)230755849 035 $a(DE-B1597)573450 035 $a(DE-B1597)9782759801992 035 $a(MiAaPQ)EBC6810213 035 $a(Au-PeEL)EBL6810213 035 $a(EXLCZ)991000000000470664 100 $a20070601d2007 uy 0 101 0 $afre 135 $aur|n|---||||| 181 $ctxt 182 $cc 183 $acr 200 10$aComment reconstituer la pre?histoire?$b[electronic resource] /$fRomain Pigeaud ; ouvrage dirige? par Fre?de?ric Denhez ; illustrations de Thomas Haessig 210 $aLes Ulis $cEDP sciences$dc2007 215 $a1 online resource (185 p.) 225 1 $aCollection Bulles de sciences 300 $aDescription based upon print version of record. 311 $a2-86883-921-5 320 $aIncludes bibliographical references. 327 $aSommaire; Introduction; PARTIE 1: LE TRAVAIL DE TERRAIN; 1. Trouver le site; 2. Fouiller le site; 3. Dater le site; PARTIE 2: LE LABORATOIRE ET L'INTERPRETATION; 4. Comprendre le site; 5. Reconstituer le site; 6. Conserver la Préhistoire; Conclusion; Bibliographie; 330 $aThis title shows the challenges prehistorians face. Often starting from scratch or with only a few hints, prehistorians manage to build scenarios and reconstruct phylogenetic trees. 410 0$aCollection Bulles de sciences. 606 $aAntiquities, Prehistoric 606 $aArchaeology$xFieldwork 608 $aElectronic books. 615 0$aAntiquities, Prehistoric. 615 0$aArchaeology$xFieldwork. 676 $a930.1 700 $aPigeaud$b Romain$01048813 801 0$bMiAaPQ 801 1$bMiAaPQ 801 2$bMiAaPQ 906 $aBOOK 912 $a9910451752403321 996 $aComment reconstituer la pre?histoire$92477341 997 $aUNINA